000 00494nam a22001937a 4500
003 MPLRDC
005 20220104113821.0
008 210129b ||||| |||| 00| 0 eng d
020 _a957-773-107-4
082 _a889 LMJH v.2
100 _aANNE STUART
245 _a血染魔恋夜
_c刘旭阳译
250 _a初版
260 _a
_b禾林图书股份有限公司
_c1995
300 _b
490 _a浪漫惊魂. 2
650 _a西洋小说之中文翻译
942 _cBK
_o889 LMJH v.2
999 _c2586
_d2576